Biggest country in each continent - Statistics

General Stats
  • This quiz has been taken 627 times
    615 since last reset
  • The average score is 6 of 6
Answer Stats
Hint Answer % Correct
South America Brazil
100%
North America Canada
100%
Australia Australia
99%
Europe Russia
99%
Asia Russia
99%
Africa Algeria
92%
No matching quizzes found
Score Distribution
Percent of People with Each Score
Percentile by Number Answered
Your Score History
You have not taken this quiz since the last reset